000 00589nam a2200169 i 4500
001 83314
003 ES-MaACL
005 20230906174817.0
007 t|
008 041116s1983 sp ||||1| spa d
245 0 0 _aSalarios
_b: resultados correspondientes al período octubre, noviembre y diciembre 1982 /
_cInstituto Nacional de Estadística.
260 _aMadrid :
_b[s.n.],
_c1983.
300 _aX, 44 p. ;
_c29 cm.
650 4 _aSalarios-
_zEspaña-
_vEstadísticas.
_9151363
710 2 _aInstituto Nacional de Estadística (España)
_95162
852 _aES-MaACL
_j2121-F-32
_bR.105470
999 _c83314
_d83314